000 00872nac a22002651u 4500
008 090526s1996 nju|||||rb 001 0 eng d
010 _a94039840
020 _a0471013102
020 _a9780471013105
082 0 4 _a620.106
_bSTR
_222
100 1 _aStreet, Robert L.
_95320
245 1 0 _aElementary fluid mechanics /
_cRobert L. Street, Gary Z. Watters, John K. Vennard.
250 _a7th ed.
260 _a[New York, United States] :
_bJohn Wiley & Sons,
_cc.1996
_f(Acid-Free Paper)
300 _axiii, 757 p. :
_bill. (col.) ;
_c26 cm.
500 _aIndex : p. 751-757.
500 _aIncludes appendix.
504 _aIncludes bibliographical references.
650 0 _aFluid mechanics
_918746
653 _bCiv
_cJanuary2014
655 _vtext book
_933728
700 1 _aWatters, Gary Z.
_95322
700 1 _aVennard, John K.
_95323
942 _cBB
_k620.106 STR
_2ddc
999 _c7997
_d7997